000 00799nam a22002297a 4500
005 20250807145454.0
008 250807b |||||||| |||| 00| 0 eng d
020 _a978-1-4422-7036-7 (pbk)
037 _cHandbook
040 _aAL
_cAL
041 _2ENG
_aENG
084 _a2:8g Q7
_qAL
100 _aFlacherty, Mary Grace
_9817467
245 _aLibrary staff development handbook:
_bhow to maximize your library's mos important resource
260 _aLanham, Maryland:
_bRowman and Littlefield,
_c2017.
300 _axiii,139p.
365 _b29.95
_cUKP
650 _aLIBRARY SCIENCE
650 _aLibrary Administration
942 _2CC
_cREF
_h2:8g Q7
_n0
999 _c1434611
_d1434611